| 000 | 00653nam a2200253Ia 4500 | ||
|---|---|---|---|
| 003 | OSt | ||
| 005 | 20221007114203.0 | ||
| 006 | a|||||r|||| 00| 0 | ||
| 007 | ta | ||
| 008 | 221006b |||||||| |||| 00| 0 eng d | ||
| 024 | _a33,223 | ||
| 037 | _cTextual | ||
| 040 |
_aLCO _cLCO _beng |
||
| 041 |
_2eng _aeng |
||
| 082 | _aV2:58, Q3 | ||
| 100 | _aIyer V.R.Krishna | ||
| 245 | 0 | _aJudicial Activism in India | |
| 250 | _a1st | ||
| 260 |
_aNew _bDelhi Universal Publishing Co. India _c2013 |
||
| 300 | _a391 | ||
| 650 |
_aACTIVISM IN INDIA _9709350 |
||
| 942 |
_hV2:58, Q3 _cTEXL |
||
| 999 |
_c1202786 _d1202786 |
||